Screening of Hybrid Rice lines for T. Aman season / (Record no. 13869)

MARC details
000 -LEADER
fixed length control field 00909nam a22002537a 4500
003 - CONTROL NUMBER IDENTIFIER
control field BD-DhSAU
005 - DATE AND TIME OF LATEST TRANSACTION
control field 20181206152944.0
008 - FIXED-LENGTH DATA ELEMENTS--GENERAL INFORMATION
fixed length control field 161006b2015 bg ad||| |||| 00| 0 eng d
040 ## - CATALOGING SOURCE
Original cataloging agency BD-DhSAU
082 ## - DEWEY DECIMAL CLASSIFICATION NUMBER
Edition number 22
Classification number 630
Item number K455
100 ## - MAIN ENTRY--PERSONAL NAME
Personal name Khatun, Golapy
Relator code Regi. no. 14-06361
245 ## - TITLE STATEMENT
Title Screening of Hybrid Rice lines for T. Aman season /
Statement of responsibility, etc. Golapy Khatun
Remainder of title Ms Thesis
260 ## - PUBLICATION, DISTRIBUTION, ETC. (IMPRINT)
Place of publication, distribution, etc. Dhaka : Sher- e- Bangla Agricultural University :
Name of publisher, distributor, etc. Department of Agronomy ,
Date of publication, distribution, etc. 2015
300 ## - PHYSICAL DESCRIPTION
Extent viii, 64 p. :
Other physical details ill. ;
Dimensions 30 cm.
504 ## - BIBLIOGRAPHY, ETC. NOTE
Bibliography, etc Includes bibliographical references.
590 ## - Name of Cataloguer
Name of Cataloger Kamim
650 ## - SUBJECT ADDED ENTRY--TOPICAL TERM
Topical term or geographic name as entry element Agronomy
650 ## - SUBJECT ADDED ENTRY--TOPICAL TERM
Topical term or geographic name as entry element Screening of Hybrid Rice lines
650 ## - SUBJECT ADDED ENTRY--TOPICAL TERM
Topical term or geographic name as entry element T. Aman season
700 ## - ADDED ENTRY--PERSONAL NAME
Personal name Hossain, H.M.M.Tariq
Relator code Supervisor
700 ## - ADDED ENTRY--PERSONAL NAME
Personal name Islam, Md. Shahidul
Relator code Co-Supervisor
856 ## - ELECTRONIC LOCATION AND ACCESS
Uniform Resource Identifier <a href=" http://archive.saulibrary.edu.bd:8080/xmlui/handle/123456789/603 "> http://archive.saulibrary.edu.bd:8080/xmlui/handle/123456789/603 </a>
Link text Online Access
942 ## - ADDED ENTRY ELEMENTS (KOHA)
Source of classification or shelving scheme Dewey Decimal Classification
Koha item type MS Level Thesis
Holdings
Withdrawn status Lost status Source of classification or shelving scheme Damaged status Not for loan Collection code Home library Branch Name Shelving location Date acquired Total Checkouts Full call number Barcode Date last seen Price effective from Koha item type
    Dewey Decimal Classification   Not For Loan Reference SAU Library SAU Library Reference 04/04/2017   630 K455 40063 10/04/2017 10/04/2017 MS Level Thesis